000
00362nam a2200169Ia 4500
003
0STCL
008
150530s9999 xx 000 0 und d
040
_a
STCL
_c
STCL
100
_a
Lows, S Ed.
245
_a
Governance of England
250
_a
Twelveth
260
_c
1922
546
_a
English
942
_2
ddc
_c
BK
999
_c
7291
_d
7291
005
20220125165447.0